Financial accounting (Record no. 17813)
[ view plain ]
| 000 -LEADER | |
|---|---|
| fixed length control field | 00415nam a22001457a 4500 |
| 008 - FIXED-LENGTH DATA ELEMENTS--GENERAL INFORMATION | |
| fixed length control field | 190706b xxu||||| |||| 00| 0 eng d |
| 020 ## - INTERNATIONAL STANDARD BOOK NUMBER | |
| International Standard Book Number | 9352606320 |
| 040 ## - CATALOGING SOURCE | |
| Original cataloging agency | KABU |
| Transcribing agency | KABU |
| 050 ## - LIBRARY OF CONGRESS CALL NUMBER | |
| Classification number | HF5635 |
| Item number | .W55 2017 c. 1 |
| 100 ## - MAIN ENTRY--PERSONAL NAME | |
| Personal name | Wild, John J. |
| 245 ## - TITLE STATEMENT | |
| Title | Financial accounting |
| Remainder of title | information for decisions |
| Statement of responsibility, etc. | John J. Wild |
| 300 ## - PHYSICAL DESCRIPTION | |
| Extent | 1 v. (various pagings) |
| 650 ## - SUBJECT ADDED ENTRY--TOPICAL TERM | |
| Topical term or geographic name as entry element | Accounting |
| 942 ## - ADDED ENTRY ELEMENTS (KOHA) | |
| Source of classification or shelving scheme | Library of Congress Classification |
| Koha item type | General Collection |
| Classification part | HF5635 |
| Withdrawn status | Lost status | Source of classification or shelving scheme | Not for loan | Home library | Current library | Date acquired | Cost, normal purchase price | Total Checkouts | Full call number | Barcode | Date last seen | Copy number | Price effective from | Koha item type | Date last checked out |
|---|---|---|---|---|---|---|---|---|---|---|---|---|---|---|---|
| Library of Congress Classification | Kabarak, Main Campus | Kabarak, Main Campus | 06/07/2019 | 5758.72 | HF5635 .W55 2017 c. 1 | 023560 | 06/07/2019 | c. 1 | 06/07/2019 | General Collection | |||||
| Library of Congress Classification | Kabarak, Main Campus | Kabarak, Main Campus | 06/07/2019 | 5758.72 | 1 | HF5635 .W55 2017 c. 2 | 023562 | 27/07/2021 | c. 2 | 06/07/2019 | General Collection | 13/07/2021 | |||
| Library of Congress Classification | Kabarak, Nakuru City Campus | Kabarak, Nakuru City Campus | 06/07/2019 | 5758.72 | HF5635 .W55 2017 c. 1 | 023563 | 06/07/2019 | c. 1 | 06/07/2019 | General Collection |